| 000 | 00000nam 2200000zi 4500 |
| 001 | 9.939169 |
| 003 | CaOODSP |
| 005 | 20241105151315 |
| 006 | m o d f |
| 007 | cr cn||||||||| |
| 008 | 240610t20242024qucabd ob f000 0 eng d |
| 020 | |a9780660722887 |
| 040 | |aCaOODSP|beng|erda|cCaOODSP |
| 043 | |an-cn--- |
| 086 | 1 |aIu71-4/110-2024E-PDF |
| 245 | 00|aCIPO : |bgreen innovation : enabling green technology through intellectual property, navigating the innovation ecosystem. |
| 246 | 10|aEnabling green technology through intellectual property, navigating the innovation ecosystem |
| 264 | 1|aGatineau, QC : |bCanadian Intellectual Property Office = Office de la propriété intellectuelle du Canada, |c[2024] |
| 264 | 4|c©2024 |
| 300 | |a1 online resource (20 pages) : |billustrations, maps, graphs |
| 336 | |atext|btxt|2rdacontent |
| 337 | |acomputer|bc|2rdamedia |
| 338 | |aonline resource|bcr|2rdacarrier |
| 500 | |aCover title. |
| 500 | |aIssued also in French under title: Innovation verte à l'OPIC : favoriser les technologies vertes grâce à la propriété intellectuelle, naviguer dans l'écosystème de l'innovation. |
| 504 | |aIncludes bibliographical references (page 20). |
| 520 | |a"Canada has made significant efforts to tackle climate change since signing the Paris Agreement in 2015. The country has implemented measures to reduce pollution and achieve a net-zero economy by 2050. IP management is increasingly crucial to Canada's sustainability and innovation programs"--Executive summary, page 4. |
| 530 | |aIssued also in printed form. |
| 610 | 20|aCanadian Intellectual Property Office. |
| 650 | 0|aGreen technology|zCanada|xPatents. |
| 650 | 0|aIntellectual property|xGovernment policy|zCanada. |
| 710 | 2 |aCanadian Intellectual Property Office, |eissuing body. |
| 775 | 08|tInnovation verte à l'OPIC : |w(CaOODSP)9.939170 |
| 776 | 0#|tCIPO : |w(CaOODSP)9.939171 |
| 856 | 40|qPDF|s3.49 MB|uhttps://publications.gc.ca/collections/collection_2024/opic-cipo/Iu71-4-110-2024-eng.pdf |
| 856 | 4 |qHTML|sN/A|uhttps://ised-isde.canada.ca/site/canadian-intellectual-property-office/en/cipo-green-innovation |